000 00466nam a2200181Ia 4500
005 20250326142617.0
008 250326s9999 xx 000 0 und d
037 _aTextbook
040 _aFMSL
_beng
_cFMSL
041 _aeng
_2eng
084 _qFMSL
100 _aPearson B
_9746155
245 0 _aCommon Senzse Time Management
_cPearson B
260 _aNew Delhi
_bNew Delhi, Viva Books
_c1992
300 _a183p
942 _cTB
999 _c1295822
_d1295822